Japanese economic development : A short introduction

This study provides a short, non-technical introduction to Japanese economic development. Emphasising the importance of non-economic factors as well as Japan's institutions and social structure, this work is ideal reading for those who wish to understand the secret of Japan's success in th...

全面介绍

Đã lưu trong:
书目详细资料
主要作者: Yoshihara, Kunio
格式: 图书
语言:Undetermined
出版: Tokyo Oxford University press 1986
主题:
标签: 添加标签
没有标签, 成为第一个标记此记录!
Thư viện lưu trữ: Trung tâm Học liệu Trường Đại học Cần Thơ
LEADER 00900nam a2200217Ia 4500
001 CTU_223193
008 210402s9999 xx 000 0 und d
082 |a 330.95203 
082 |b K96 
100 |a Yoshihara, Kunio 
245 0 |a Japanese economic development : 
245 2 |b A short introduction 
245 0 |c Yoshihara Kunio 
260 |a Tokyo 
260 |b Oxford University press 
260 |c 1986 
520 |a This study provides a short, non-technical introduction to Japanese economic development. Emphasising the importance of non-economic factors as well as Japan's institutions and social structure, this work is ideal reading for those who wish to understand the secret of Japan's success in the world market today... 
650 |a Japan,Nhật Bản 
650 |x Economic,Kinh tế 
904 |i Vũ Anh, giang 
980 |a Trung tâm Học liệu Trường Đại học Cần Thơ